000 00918nam a22002777a 4500
003 CHAP
005 20220329140225.0
008 971013s1965 r 00010 d
010 _a48797
011 _a49769
035 _a53919
040 _cCHAP
082 _a338.109873
_bV42
110 _aVenezuela. Dirección de Economía y Estadística Agropecuaria
_9118706
245 _aEstadísticas del estado de Carabobo, 1964
260 _aCaracas :
_bMinisterio de Agricultura y Cría,
_c1965
300 _a65 p.
590 _aBATCH-UPD
_b10
_c20130110
_lUCH01
_h0017
590 _aBATCH-UPD
_b10
_c20130409
_lUCH01
_h1956
590 _aBATCH-UPD
_b10
_c20130913
_lUCH01
_h2005
590 _aCONVERSION
_b10
_c20130109
_lUCH01
_h1327
650 1 4 _aAgricultura
_xAspectos económicos
_xCarabobo (Edo.), Venezuela.
_91221
901 _aBK
942 _cLIBRO
949 _a338.109873 V42
_bBC
_cBPA
_d-119276
_eBPA
_h5465
_i53919
_si
999 _c48797
_d48797